Roller Coaster Names - Statistics

General Stats
  • This quiz has been taken 614 times
  • The average score is 9 of 16
Answers on the Grid
Answers color-coded by a green-red scale on the quiz's grid according to % correct below.
The Beast
Bengal Tiger
The Big One
Lamb to the Slaughter
Cannibal
Gemini
Nightmare
Destroyer
Arie Force One
Expedition G-Force
The Black Apple
Predator
Cheetah Hunt
Velocicoaster
Jucimonia
Zadra
Untamed
Universe Traveler
Potamini
Heralded
Taron
Flight of Fear
Cardinal
Shivering Timbers
Aggressor
Nitro
Ballad of the Bats
Circuit Breaker
Ninja
Shawshank: The Ride
 
Answer Stats
Answer % Correct
The Beast
87%
Cannibal
72%
The Big One
72%
Arie Force One
68%
Velocicoaster
66%
Gemini
64%
Cheetah Hunt
63%
Expedition G-Force
62%
Taron
58%
Zadra
58%
Nitro
57%
Untamed
56%
Flight of Fear
55%
Shivering Timbers
41%
Ninja
37%
Predator
32%
No matching quizzes found
Score Distribution
Percent of People with Each Score
Percentile by Number Answered
Your Score History
You have not taken this quiz